000 00489nam a22001817a 4500
003 OSt
005 20240624170702.0
008 240624b |||||||| |||| 00| 0 eng d
020 _a9780691182292
082 _a330
_bSHIN
100 _aShiller, Robert J.
245 _aNarrative Economics : How Stories Go Viral & Drive Major Economic Events
260 _aNew Jersey
_bPrinceton University Press
_c2019
300 _a377p
546 _aEnglish
650 _aEconomics
942 _2ddc
_cBK
999 _c3587
_d3587